00639 2200229 4500001002100000005001500021035002000036008004100056245009000097100002000187260003200207300002300239020002200262084001600284082001000300650002000310500001100330700001600341504003000357990001100387990001100398INLIS00000000001182120220617092959 a0010-0622000331220617 g 0 ind 1 aKH.Hasyim Asy'ari :bBiografi Singkat 1871-1947 /cMuhammad Rifai; editor, Ari Hendri aMUHAMMAD, Rifai aJogjakarta :bGarasi,c2020 a148 hal. ;c21 cm. a978-623-7219-61-3 a297.9 MUH k a297.9 4aISLAM. BIOGRAFI aIndeks0 aARI, Hendri aBibliografi : hal.141-144 a7708 a a7708 b